Možnosti GoogleApps pre vnútrofiremnú komunikáciu diplomová práca

Guardado en:
Detalles Bibliográficos
Autor principal: Krajačič, Štefan
Autor Corporativo: Fakulta podnikového manažmentu EU. Katedra informačného manažmentu
Otros Autores: Töröková, Anikó, 1963-
Formato: Libro
Lenguaje:eslovaco
Publicado: Bratislava 2017
Etiquetas: Agregar Etiqueta
Sin Etiquetas, Sea el primero en etiquetar este registro!

MARC

LEADER 00000nbm a2200000 4500
001 0232373
005 20171108130614.8
041 0 |a slo 
044 |a SK 
245 1 0 |a Možnosti GoogleApps pre vnútrofiremnú komunikáciu  |b diplomová práca  |c Štefan Krajačič ; školiteľ: Anikó Töröková 
264 1 |a Bratislava  |c 2017 
300 |a 74 s. 
100 1 |a Krajačič, Štefan 
700 1 |a Töröková, Anikó, 1963- 
710 2 |a Fakulta podnikového manažmentu EU. Katedra informačného manažmentu